[Event "BUL-chT2"]
[Site "Albena"]
[Date "2011.06.07"]
[Round "8.3"]
[White "Stanoev, Atanas"]
[Black "Dimitrov, Dejan"]
[Result "1-0"]
[WhiteElo "2226"]
[BlackElo "2089"]
[PlyCount "153"]
[EventDate "2011.06.02"]
[EventType "team-tourn"]
[EventRounds "9"]
[EventCountry "BUL"]
[SourceTitle "CBM 142 Extra"]
[Source "ChessBase"]
[SourceDate "2011.06.27"]
[SourceVersion "1"]
[SourceVersionDate "2011.06.27"]
[SourceQuality "1"]
[WhiteTeam "Blagoevgrad Victory"]
[BlackTeam "Shumen 2005"]
[WhiteTeamCountry "BUL"]
[BlackTeamCountry "BUL"]

1. d4 e6 2. c4 Nf6 3. Nf3 d5 4. Bg5 Nbd7 5. e3 Bb4+ 6. Nbd2 0-0 7. Bd3 c5 8. cxd5 exd5 9. 0-0 h6 10. Bf4 Re8 11. Rc1 Qb6 12. h3 Ne4 13. dxc5 Ndxc5 14. Bb1 Be6 15. Nxe4 Nxe4 16. a3 Bf8 17. Nd2 Qxb2 18. Nxe4 dxe4 19. Bxe4 Qxa3 20. Bxb7 Rab8 21. Bc6 Rec8 22. Bg3 Rb6 23. Qf3 Bd7 24. Bd5 Rf6 25. Qd1 Rxc1 26. Qxc1 Bb5 27. Qxa3 Bxa3 28. Ra1 Ra6 29. Rb1 Be8 30. Rb8 Kf8 31. Bc4 Rb6 32. Ra8 Bc5 33. Kh2 Rb2 34. Rc8 Be7 35. Bd5 Rb6 36. Ra8 a6 37. Bc4 Bd6 38. Rxa6 Bxg3+ 39. Kxg3 Rxa6 40. Bxa6 Ke7 41. Bb7 Bb5 42. Kf4 Kf6 43. h4 Be2 44. e4 g5+ 45. Ke3 Bf1 46. g3 Bc4 47. f4 gxh4 48. gxh4 Ke7 49. Kf3 Kf6 50. Ke3 Kg6 51. f5+ Kg7 52. e5 Ba2 53. f6+ Kf8 54. Kf4 Bb3 55. Kg4 Bd1+ 56. Bf3 Bc2 57. Kh5 Bf5 58. Bd5 Kg8 59. Kxh6 Bh3 60. Kg5 Bd7 61. h5 Be8 62. h6 Kh8 63. Be4 Bd7 64. Kf4 Kg8 65. Ke3 Bg4 66. Kd4 Be6 67. Kc5 Ba2 68. Bd5 Bb1 69. Kd4 Bg6 70. Be4 Bh5 71. Bf5 Bd1 72. Kd5 Bb3+ 73. Kd6 Ba4 74. Ke7 Bb3 75. Bg4 Ba2 76. Bh5 Bb3 77. Bxf7+ 1-0

[Event "BUL-chT-B 60th"]
[Site "Albena"]
[Date "2010.05.27"]
[Round "1.3"]
[White "Dimov, Dian"]
[Black "Stanoev, Atanas"]
[Result "1/2-1/2"]
[WhiteElo "2301"]
[BlackElo "2222"]
[PlyCount "77"]
[EventDate "2010.05.27"]
[EventType "team-tourn"]
[EventRounds "9"]
[EventCountry "BUL"]
[SourceTitle "CBM 136 Extra"]
[Source "ChessBase"]
[SourceDate "2010.07.02"]
[SourceVersion "2"]
[SourceVersionDate "2010.07.15"]
[SourceQuality "1"]
[WhiteTeam "Abritus"]
[BlackTeam "Blagoevgrad Victory"]
[WhiteTeamCountry "BUL"]
[BlackTeamCountry "BUL"]

1. e4 c5 2. Nf3 d6 3. d4 cxd4 4. Nxd4 Nf6 5. Nc3 a6 6. Be3 e6 7. g4 Nc6 8. g5 Nd7 9. h4 Nxd4 10. Bxd4 b5 11. a3 Bb7 12. Qh5 Qc7 13. 0-0-0 Ne5 14. Bh3 0-0-0 15. f4 Nc4 16. Nd5 Bxd5 17. exd5 Kb8 18. dxe6 fxe6 19. Bxe6 d5 20. Qf3 Bd6 21. Rhf1 Rhe8 22. f5 g6 23. Kb1 gxf5 24. Bxf5 Qa5 25. Qd3 b4 26. axb4 Bxb4 27. Bxh7 Rd7 28. Bg6 Rb7 29. Bxe8 Na3+ 30. Qxa3 Bxa3 31. Rf3 Bc5 32. Be5+ Ka7 33. g6 Re7 34. Bf7 Rxe5 35. g7 Re1 36. Rf1 Rxf1 37. Rxf1 Qb5 38. g8Q Qxf1+ 39. Ka2 1/2-1/2

[Event "Sofia Asenova&Ivanova Memorial"]
[Site "Sofia"]
[Date "2010.04.27"]
[Round "9"]
[White "Sofranov, Velizar"]
[Black "Stanoev, Atanas"]
[Result "0-1"]
[WhiteElo "1998"]
[BlackElo "2222"]
[PlyCount "114"]
[EventDate "2010.04.21"]
[EventType "swiss"]
[EventRounds "9"]
[EventCountry "BUL"]
[SourceTitle "CBM 135 Extra"]
[Source "ChessBase"]
[SourceDate "2010.05.04"]
[SourceVersion "1"]
[SourceVersionDate "2010.05.04"]
[SourceQuality "1"]

1. d4 Nf6 2. c4 g6 3. Nf3 Bg7 4. g3 0-0 5. Bg2 d6 6. 0-0 Nbd7 7. Nc3 e5 8. h3 c6 9. e4 exd4 10. Nxd4 Re8 11. Be3 Nc5 12. Qc2 a5 13. Rad1 a4 14. Rfe1 Qa5 15. Bf4 Bf8 16. b3 Nfd7 17. Rb1 axb3 18. axb3 Na6 19. Ra1 Qc7 20. Qd2 Bg7 21. Nde2 Ne5 22. Red1 Bf8 23. g4 Rb8 24. Be3 Nc5 25. Qc2 Ned7 26. f4 Qb6 27. Rab1 Qb4 28. Bd2 Qb6 29. Be3 Qc7 30. Bd4 Ra8 31. b4 Na6 32. Qb3 d5 33. c5 b6 34. cxb6 Nxb6 35. exd5 cxd5 36. Bxd5 Be6 37. Bxe6 Rxe6 38. Be5 Rxe5 39. fxe5 Qxe5 40. Ra1 Bxb4 41. Rf1 Qe7 42. Rf3 Qb7 43. Raf1 Rf8 44. Nd1 Bc5+ 45. Kg2 Nb4 46. Nb2 N4d5 47. Nd1 Qc6 48. Qc2 Qd6 49. Qe4 Qd7 50. Nf4 Re8 51. Nxd5 Nxd5 52. Qc4 Qc6 53. Qa2 Re2+ 54. Qxe2 Nf4+ 55. Kh2 Nxe2 56. Ne3 Bd6+ 57. Kg2 Nd4 0-1

[Event "Sofia Asenova&Ivanova Memorial"]
[Site "Sofia"]
[Date "2010.04.23"]
[Round "4"]
[White "Spassov, Liuben"]
[Black "Stanoev, Atanas"]
[Result "1-0"]
[WhiteElo "2418"]
[BlackElo "2222"]
[PlyCount "111"]
[EventDate "2010.04.21"]
[EventType "swiss"]
[EventRounds "9"]
[EventCountry "BUL"]
[SourceTitle "CBM 135 Extra"]
[Source "ChessBase"]
[SourceDate "2010.05.04"]
[SourceVersion "1"]
[SourceVersionDate "2010.05.04"]
[SourceQuality "1"]

1. d4 d5 2. c4 e6 3. Nc3 Nf6 4. cxd5 exd5 5. Bg5 Be7 6. e3 0-0 7. Bd3 Nbd7 8. Nf3 c6 9. Qc2 Re8 10. h3 Nf8 11. Bf4 Bd6 12. Bxd6 Qxd6 13. 0-0 g6 14. Rab1 a5 15. a3 Ne6 16. b4 axb4 17. axb4 Ng7 18. b5 Bf5 19. Bxf5 Nxf5 20. bxc6 bxc6 21. Rfc1 Rac8 22. Na4 Ne4 23. Nc5 Nxc5 24. Qxc5 Qxc5 25. Rxc5 Rc7 26. g4 Ne7 27. g5 Kg7 28. Kg2 f6 29. h4 Kf7 30. gxf6 Kxf6 31. Ne5 Rec8 32. Rbc1 Ke6 33. h5 Kf6 34. hxg6 hxg6 35. Kf3 Ke6 36. Kg4 Kd6 37. Kg5 Rf8 38. f4 Rb8 39. R5c3 Rb2 40. R3c2 Rb3 41. Re2 Rb8 42. Rh1 c5 43. Rh6 c4 44. Nxg6 Rg8 45. f5 Kc6 46. Rh7 c3 47. Kf6 Kb5 48. Rxe7 Rc6+ 49. Re6 Rgc8 50. Rc2 Kb4 51. Ne5 Kb3 52. Rc1 Rxe6+ 53. fxe6 c2 54. e7 Kb2 55. Nd3+ Kc3 56. Ne1 1-0

[Event "Sofia Asenova&Ivanova Memorial"]
[Site "Sofia"]
[Date "2010.04.22"]
[Round "3"]
[White "Genov, Petar"]
[Black "Stanoev, Atanas"]
[Result "1/2-1/2"]
[WhiteElo "2452"]
[BlackElo "2222"]
[PlyCount "39"]
[EventDate "2010.04.21"]
[EventType "swiss"]
[EventRounds "9"]
[EventCountry "BUL"]
[SourceTitle "CBM 135 Extra"]
[Source "ChessBase"]
[SourceDate "2010.05.04"]
[SourceVersion "1"]
[SourceVersionDate "2010.05.04"]
[SourceQuality "1"]

1. b3 d5 2. Bb2 c5 3. e3 Nc6 4. Bb5 Qc7 5. c4 a6 6. Ba4 dxc4 7. bxc4 Rb8 8. Nc3 e6 9. Nf3 Nf6 10. 0-0 Be7 11. Qe2 0-0 12. Rac1 Rd8 13. Rfd1 e5 14. Ng5 h6 15. Nge4 Nxe4 16. Nxe4 Nb4 17. d4 cxd4 18. exd4 exd4 19. Bxd4 Nc6 20. Bb2 1/2-1/2

[Event "Sofia Asenova&Ivanova Memorial"]
[Site "Sofia"]
[Date "2010.04.22"]
[Round "2"]
[White "Stanoev, Atanas"]
[Black "Georgieva, Emilia"]
[Result "1-0"]
[WhiteElo "2222"]
[BlackElo "1943"]
[PlyCount "67"]
[EventDate "2010.04.21"]
[EventType "swiss"]
[EventRounds "9"]
[EventCountry "BUL"]
[SourceTitle "CBM 135 Extra"]
[Source "ChessBase"]
[SourceDate "2010.05.04"]
[SourceVersion "1"]
[SourceVersionDate "2010.05.04"]
[SourceQuality "1"]

1. d4 d5 2. Nf3 c6 3. c4 Nf6 4. Nc3 a6 5. cxd5 cxd5 6. Bf4 Nc6 7. e3 Qb6 8. a3 Bg4 9. Be2 e6 10. 0-0 Be7 11. Na4 Qd8 12. Rc1 Bxf3 13. Bxf3 0-0 14. Be2 Rc8 15. Qb3 b5 16. Nc5 Na5 17. Qa2 Qb6 18. g4 Bxc5 19. dxc5 Qc6 20. f3 Rfe8 21. Rfd1 h6 22. b3 e5 23. Bg3 Nd7 24. Be1 e4 25. Bxa5 exf3 26. Bxf3 Rxe3 27. Bxd5 Qg6 28. Qg2 Nf6 29. Bf3 Rxb3 30. c6 Rxa3 31. c7 Rxa5 32. Rd8+ Kh7 33. Rxc8 Qg5 34. Rh8+ 1-0

[Event "BUL-ch sf"]
[Site "Plovdiv"]
[Date "2010.01.30"]
[Round "9"]
[White "Nikolov, Jordan"]
[Black "Stanoev, Atanas"]
[Result "1-0"]
[WhiteElo "2090"]
[BlackElo "2202"]
[PlyCount "63"]
[EventDate "2010.01.24"]
[EventType "swiss"]
[EventRounds "9"]
[EventCountry "BUL"]
[SourceTitle "CBM 134 Extra"]
[Source "ChessBase"]
[SourceDate "2010.03.03"]
[SourceVersion "1"]
[SourceVersionDate "2010.03.03"]
[SourceQuality "1"]

1. e4 c5 2. c3 d5 3. exd5 Qxd5 4. d4 Nf6 5. Nf3 Bg4 6. dxc5 Qxc5 7. Na3 e6 8. Be3 Qa5 9. Nc4 Qc7 10. Qa4+ Nc6 11. Nfe5 Bh5 12. Nxc6 Qxc6 13. Qxc6+ bxc6 14. Ne5 c5 15. Bb5+ Kd8 16. f3 Nd5 17. 0-0-0 Kc7 18. Bf2 Rb8 19. a4 Bd6 20. Rhe1 Bg6 21. g4 Rb6 22. Bg3 Rd8 23. Bc4 Ne7 24. a5 Rbb8 25. h4 h5 26. Re2 Nc6 27. Rxd6 Rxd6 28. Nxg6 fxg6 29. Rxe6 Rbd8 30. Rxg6 Nxa5 31. Bf7 hxg4 32. fxg4 1-0

[Event "Blagoevgrad Kirov Memorial 2nd"]
[Site "Blagoevgrad"]
[Date "2010.01.16"]
[Round "8"]
[White "Stanoev, Atanas"]
[Black "Dimitrov, Radoslav"]
[Result "1/2-1/2"]
[WhiteElo "2202"]
[BlackElo "2394"]
[PlyCount "69"]
[EventDate "2010.01.11"]
[EventType "swiss"]
[EventRounds "9"]
[EventCountry "BUL"]
[SourceTitle "CBM 134 Extra"]
[Source "ChessBase"]
[SourceDate "2010.03.03"]
[SourceVersion "1"]
[SourceVersionDate "2010.03.03"]
[SourceQuality "1"]

1. Nf3 Nf6 2. g3 b6 3. Bg2 Bb7 4. 0-0 e6 5. d3 Be7 6. e4 c5 7. e5 Nd5 8. Nbd2 f5 9. exf6 Nxf6 10. a4 Nc6 11. Nc4 0-0 12. c3 d5 13. Nfe5 Nxe5 14. Nxe5 Qc7 15. Re1 Bd6 16. Ng4 e5 17. c4 d4 18. Bxb7 Qxb7 19. Nxe5 Rae8 20. f4 Re7 21. Bd2 Rfe8 22. Qf3 Bxe5 23. Qxb7 Rxb7 24. Rxe5 Rxe5 25. fxe5 Ng4 26. Re1 Re7 27. Bf4 g5 28. h3 gxf4 29. hxg4 Rg7 30. e6 Kf8 31. Re4 fxg3 32. Kg2 Ke7 33. Kxg3 Rg6 34. Re5 h6 35. Kf4 1/2-1/2

[Event "Blagoevgrad Kirov Memorial 2nd"]
[Site "Blagoevgrad"]
[Date "2010.01.15"]
[Round "7"]
[White "Stanoev, Atanas"]
[Black "Nikolaou, Georgios"]
[Result "1/2-1/2"]
[WhiteElo "2202"]
[BlackElo "2292"]
[PlyCount "32"]
[EventDate "2010.01.11"]
[EventType "swiss"]
[EventRounds "9"]
[EventCountry "BUL"]
[SourceTitle "CBM 134 Extra"]
[Source "ChessBase"]
[SourceDate "2010.03.03"]
[SourceVersion "1"]
[SourceVersionDate "2010.03.03"]
[SourceQuality "1"]

1. d4 Nf6 2. c4 c5 3. d5 d6 4. Nc3 g6 5. Nf3 Bg7 6. h3 0-0 7. e4 a6 8. Bd3 e5 9. g4 b5 10. Bg5 bxc4 11. Bxc4 Nbd7 12. Qd2 Rb8 13. Rb1 Rb4 14. b3 Nb6 15. Be2 c4 16. Bxf6 Bxf6 1/2-1/2

[Event "Sofia Baharov Memorial op 17th"]
[Site "Sofia"]
[Date "2009.11.21"]
[Round "5"]
[White "Stanoev, Atanas"]
[Black "Petrov, Vladimir Olegov"]
[Result "1-0"]
[WhiteElo "2222"]
[BlackElo "1677"]
[PlyCount "107"]
[EventDate "2009.11.18"]
[EventType "swiss"]
[EventRounds "7"]
[EventCountry "BUL"]
[SourceTitle "CBM 133 Extra"]
[Source "ChessBase"]
[SourceDate "2010.01.05"]
[SourceVersion "1"]
[SourceVersionDate "2010.01.05"]
[SourceQuality "1"]

1. d4 Nf6 2. c4 e6 3. Nc3 Bb4 4. Qc2 0-0 5. a3 Bxc3+ 6. Qxc3 b6 7. Bg5 Bb7 8. f3 d5 9. e3 Nbd7 10. cxd5 exd5 11. Bd3 Re8 12. Ne2 h6 13. Bh4 Rc8 14. 0-0 Qe7 15. Bf2 c5 16. Qd2 Nf8 17. Bf5 Rc7 18. Rfe1 Bc8 19. Bd3 Bb7 20. Nc3 Ne6 21. Nb5 Rd7 22. Nxa7 c4 23. Bc2 Ra8 24. Nb5 Bc6 25. Nc3 b5 26. Na2 Nf8 27. Re2 Re8 28. Rae1 Qd8 29. Qb4 Rde7 30. Qc5 Qd7 31. Bg3 Ne6 32. Qb6 Nh5 33. Be5 Nf8 34. g4 f6 35. Bf5 Ne6 36. Bb8 Qc8 37. Bd6 Rb7 38. Qa5 Rd7 39. Bc5 Nxc5 40. dxc5 d4 41. exd4 Rxe2 42. Rxe2 Nf4 43. Re3 g6 44. Qe1 Kf7 45. Bc2 Rxd4 46. Nb4 Bd7 47. c6 Bxc6 48. Re7+ Kf8 49. Rh7 Kg8 50. Qe7 Qf8 51. Rh8+ Kxh8 52. Qxf8+ Kh7 53. Qf7+ Kh8 54. Nxc6 1-0

[Event "Radomir op"]
[Site "Radomir"]
[Date "2009.09.27"]
[Round "5"]
[White "Kukov, Velislav"]
[Black "Stanoev, Atanas"]
[Result "1-0"]
[WhiteElo "2367"]
[BlackElo "2259"]
[PlyCount "65"]
[EventDate "2009.09.26"]
[EventType "swiss"]
[EventRounds "7"]
[EventCountry "BUL"]
[SourceTitle "EXT 2010"]
[Source "ChessBase"]
[SourceDate "2010.11.25"]
[SourceVersion "1"]
[SourceVersionDate "2010.11.25"]
[SourceQuality "1"]

1. Nf3 Nf6 2. d4 g6 3. c4 Bg7 4. Nc3 0-0 5. e4 d6 6. h3 Qe8 7. Be3 Na6 8. a3 e5 9. d5 Nc5 10. Nd2 a5 11. g4 Nfd7 12. b4 axb4 13. axb4 Rxa1 14. Qxa1 Na6 15. Qa3 Qe7 16. Bd3 f5 17. exf5 e4 18. Ncxe4 gxf5 19. gxf5 Rxf5 20. Rg1 Ne5 21. b5 Nxd3+ 22. Qxd3 Nc5 23. Nxc5 dxc5 24. Ne4 Re5 25. Ng5 Bf5 26. Qa3 b6 27. Kd2 Qe8 28. Rg3 Re7 29. Qa7 Kh8 30. Rf3 Bc8 31. Qb8 h6 32. Ne6 Bxe6 33. Qxe8+ 1-0

[Event "Sofia CSKA op 15th"]
[Site "Sofia"]
[Date "2009.08.22"]
[Round "3"]
[White "Orev, Petar"]
[Black "Stanoev, Atanas"]
[Result "0-1"]
[WhiteElo "2235"]
[BlackElo "2222"]
[PlyCount "86"]
[EventDate "2009.08.22"]
[EventType "swiss"]
[EventRounds "6"]
[EventCountry "BUL"]
[SourceTitle "CBM 131 Extra"]
[Source "ChessBase"]
[SourceDate "2009.09.03"]
[SourceVersion "2"]
[SourceVersionDate "2009.09.16"]
[SourceQuality "1"]

1. e4 c5 2. c4 d6 3. Nc3 Nf6 4. Nge2 e6 5. d4 cxd4 6. Nxd4 a6 7. Be3 Be7 8. Be2 0-0 9. 0-0 Nbd7 10. Qc2 Qc7 11. f3 b6 12. Rfd1 Bb7 13. Rac1 Rac8 14. Qd2 Kh8 15. Qe1 Rg8 16. Bf1 g5 17. g4 h5 18. h3 Rg6 19. b3 Kg7 20. Qd2 hxg4 21. hxg4 Nc5 22. Bg2 Ncd7 23. Bxg5 Ne5 24. Nf5+ exf5 25. gxf5 Rxg5 26. Qxg5+ Kh8 27. Nd5 Bxd5 28. cxd5 Qd7 29. Qh4+ Kg7 30. Qg5+ Kh8 31. Qh6+ Nh7 32. Rxc8+ Qxc8 33. Rc1 Qg8 34. f4 Bf6 35. Qh5 Nd3 36. Rf1 Qg3 37. e5 dxe5 38. Qxf7 Nxf4 39. Rxf4 exf4 40. Qe8+ Kg7 41. Qg6+ Qxg6 42. fxg6 Ng5 43. d6 Kxg6 0-1

[Event "Zagreb op-B"]
[Site "Zagreb"]
[Date "2009.03.29"]
[Round "9"]
[White "Stanoev, Atanas"]
[Black "Padjen, Zdenko"]
[Result "1-0"]
[WhiteElo "2236"]
[BlackElo "2045"]
[PlyCount "79"]
[EventDate "2009.03.21"]
[EventType "swiss"]
[EventRounds "9"]
[EventCountry "CRO"]
[SourceTitle "CBM 129 Extra"]
[Source "ChessBase"]
[SourceDate "2009.05.05"]
[SourceVersion "2"]
[SourceVersionDate "2009.05.20"]
[SourceQuality "1"]

1. d4 f5 2. c4 Nf6 3. g3 g6 4. Bg2 Bg7 5. Nf3 0-0 6. b4 Ne4 7. Bb2 a5 8. a3 axb4 9. axb4 Rxa1 10. Bxa1 c6 11. 0-0 Qb6 12. Qb3 Kh8 13. Nc3 Na6 14. Rb1 Nxc3 15. Bxc3 d6 16. b5 cxb5 17. Qxb5 Qxb5 18. Rxb5 Nc7 19. Ra5 Be6 20. Nd2 Rb8 21. Ra7 Bc8 22. Nb3 Ra8 23. Rxa8 Nxa8 24. Na5 Nb6 25. e3 Na4 26. Bb4 b6 27. Nc6 Bf6 28. Bd5 Kg7 29. Na7 Bd7 30. Nb5 Nb2 31. Ba3 Na4 32. Nc7 Nc3 33. Bb7 e5 34. d5 Ne4 35. Bc6 Bc8 36. Ne8+ Kf7 37. Nxd6+ Nxd6 38. Bxd6 Ba6 39. Bb5 Bxb5 40. cxb5 1-0

[Event "Zagreb op-B"]
[Site "Zagreb"]
[Date "2009.03.23"]
[Round "3"]
[White "Stanoev, Atanas"]
[Black "Stipic, Bruno"]
[Result "0-1"]
[WhiteElo "2236"]
[BlackElo "2097"]
[PlyCount "54"]
[EventDate "2009.03.21"]
[EventType "swiss"]
[EventRounds "9"]
[EventCountry "CRO"]
[SourceTitle "CBM 129 Extra"]
[Source "ChessBase"]
[SourceDate "2009.05.05"]
[SourceVersion "2"]
[SourceVersionDate "2009.05.20"]
[SourceQuality "1"]

1. d4 Nf6 2. c4 e6 3. Nf3 Bb4+ 4. Bd2 Qe7 5. Qc2 Bxd2+ 6. Nbxd2 d6 7. e4 e5 8. d5 a5 9. b3 0-0 10. g3 Na6 11. a3 Bd7 12. Bg2 b5 13. cxb5 Bxb5 14. Nc4 c6 15. dxc6 Nc5 16. Nfd2 Ne6 17. Qd3 Rfd8 18. 0-0 Nd4 19. Nf3 Ne6 20. Rfe1 Bxc6 21. Nb6 Rab8 22. Nd5 Bxd5 23. exd5 Nc5 24. Qc4 Nxb3 25. Re3 Nxa1 26. Qa2 Qb7 27. Qxa1 Qb1+ 0-1

[Event "Zagreb op-B"]
[Site "Zagreb"]
[Date "2009.03.22"]
[Round "2"]
[White "Basaric, Srdjan"]
[Black "Stanoev, Atanas"]
[Result "0-1"]
[WhiteElo "2070"]
[BlackElo "2236"]
[PlyCount "62"]
[EventDate "2009.03.21"]
[EventType "swiss"]
[EventRounds "9"]
[EventCountry "CRO"]
[SourceTitle "CBM 129 Extra"]
[Source "ChessBase"]
[SourceDate "2009.05.05"]
[SourceVersion "2"]
[SourceVersionDate "2009.05.20"]
[SourceQuality "1"]

1. e4 c5 2. Nc3 d6 3. g3 Nc6 4. Bg2 g6 5. d3 Bg7 6. Be3 e6 7. Qd2 Qa5 8. Nge2 Nd4 9. 0-0 Ne7 10. Nc1 0-0 11. f4 Nec6 12. Qf2 Qc7 13. Nb3 a5 14. Rac1 a4 15. Nd2 a3 16. bxa3 Rxa3 17. Ndb1 Ra8 18. a4 Bd7 19. Na3 Nb4 20. Nab5 Qb6 21. Kh1 Nxb5 22. Nxb5 Rxa4 23. Nxd6 Qxd6 24. Bxc5 Qc7 25. Rb1 Nxc2 26. e5 Rc8 27. Bd6 Qc3 28. Rxb7 Bc6 29. Ra7 Bxg2+ 30. Kxg2 Rxa7 31. Qxa7 Qxd3 0-1

[Event "Zadar op-B 15th"]
[Site "Zadar"]
[Date "2008.12.19"]
[Round "8"]
[White "Kozarcanin, Sead"]
[Black "Stanoev, Atanas"]
[Result "1-0"]
[WhiteElo "2219"]
[BlackElo "2259"]
[PlyCount "111"]
[EventDate "2008.12.14"]
[EventType "swiss"]
[EventRounds "9"]
[EventCountry "CRO"]
[SourceTitle "CBM 127 Extra"]
[Source "ChessBase"]
[SourceDate "2009.01.08"]
[SourceVersion "2"]
[SourceVersionDate "2009.01.28"]
[SourceQuality "1"]

1. Nf3 Nf6 2. b3 g6 3. Bb2 Bg7 4. d3 0-0 5. Nbd2 d6 6. g3 e5 7. Bg2 c6 8. 0-0 h6 9. c4 Be6 10. h3 a5 11. c5 Qc8 12. cxd6 Bxh3 13. Bxe5 Bxg2 14. Kxg2 Qe6 15. Rc1 Nbd7 16. Bxf6 Nxf6 17. Nc4 Nd7 18. Qd2 a4 19. b4 Rfc8 20. Qe3 Qf6 21. Qf4 Qxf4 22. gxf4 Bf8 23. Nfe5 Nf6 24. Nb6 Bxd6 25. Nxc8 Rxc8 26. b5 Nd5 27. e3 g5 28. Nc4 Bc7 29. bxc6 b5 30. fxg5 bxc4 31. Rxc4 Nb6 32. Rg4 h5 33. Rd4 Ra8 34. Rc1 Kg7 35. f4 Ra5 36. Kf3 Kf8 37. e4 Ke7 38. Rh1 Rc5 39. Rxh5 Rxc6 40. Rh7 Kf8 41. e5 Kg8 42. Rh2 Kg7 43. Rb2 Rc3 44. Ke4 a3 45. Re2 Rc5 46. Rb4 Nd5 47. d4 Ra5 48. Rc4 Bb6 49. f5 Rb5 50. Rec2 Ba7 51. Ra4 Rb2 52. Kxd5 Rxc2 53. Rxa7 Rxa2 54. g6 Kg8 55. gxf7+ Kf8 56. Ke6 1-0

[Event "Zadar op-B 15th"]
[Site "Zadar"]
[Date "2008.12.18"]
[Round "7"]
[White "Stanoev, Atanas"]
[Black "Vlashki, Nino"]
[Result "1/2-1/2"]
[WhiteElo "2259"]
[BlackElo "2199"]
[PlyCount "92"]
[EventDate "2008.12.14"]
[EventType "swiss"]
[EventRounds "9"]
[EventCountry "CRO"]
[SourceTitle "CBM 127 Extra"]
[Source "ChessBase"]
[SourceDate "2009.01.08"]
[SourceVersion "2"]
[SourceVersionDate "2009.01.28"]
[SourceQuality "1"]

1. d4 Nf6 2. Bg5 e6 3. Nd2 h6 4. Bh4 d5 5. Ngf3 Be7 6. e3 Nbd7 7. Bd3 b6 8. Qe2 Bb7 9. 0-0 c5 10. Ba6 Bxa6 11. Qxa6 Qc8 12. Qe2 cxd4 13. Nxd4 e5 14. Nb5 a6 15. Nc3 0-0 16. Nf3 Bb4 17. Nb1 Re8 18. Rc1 g5 19. Bg3 Qc4 20. Qd1 Rac8 21. Nbd2 Qg4 22. a3 Bd6 23. Qf1 b5 24. a4 Qb4 25. axb5 g4 26. c3 Qxb2 27. Rab1 Qa2 28. Ra1 Qb2 29. Rab1 Qa3 30. Nh4 axb5 31. Nf5 Bf8 32. Rxb5 Rb8 33. Rxb8 Rxb8 34. c4 Rc8 35. Bh4 Kh7 36. Bxf6 Nxf6 37. Ng3 Qb2 38. Qd3+ e4 39. Qc2 Qxc2 40. Rxc2 Bb4 41. Kf1 Ne8 42. f3 gxf3 43. gxf3 Nd6 44. Rb2 Bc3 45. Rc2 Bxd2 46. Rxd2 Nxc4 1/2-1/2